000 00868nab a2200253 u 4500
001 15079
003 HDC
007 cr bn ---aaaaa
008 210217c my dr|nes 0 a eng d
040 _aHDC
100 _aNik Imran Abdullah,
_eauthor
_915399
245 0 _aNation leads in Islamic banking' /
_cby Nik Imran Abdullah and Sulaiman Jaafar
260 _aKuala Lumpur :
_bNew Straits Times Press,
_c2014
336 _atext
_2rdacontent
337 _acomputer
_2rdamedia
338 _aonline resource
_2rdacarrier
650 _aBank and banking
_97656
650 _aIslamic banking
_9270
710 _aNew Straits Times
856 _zRequest full-text at [email protected]
942 _2lcc
942 _cNEWS
942 _kNWSC 003937
999 _c12395
_d12395